书目信息 |
| 题名: |
商业秘密保护法原理
|
|
| 作者: | 孔祥俊 著 | |
| 分册: | ||
| 出版信息: | 北京 中国法制出版社 1999.07 |
|
| 页数: | 450页 | |
| 开本: | 32开 | |
| 丛书名: | ||
| 单 册: | ||
| 中图分类: | D922.294 | |
| 科图分类: | ||
| 主题词: | 法律--中国 | |
| 电子资源: | ||
| ISBN: | 7-80083-584-7 | |
| 000 | 00559nam0 2200193 45 | |
| 001 | 0010251915 | |
| 005 | 20001025194150.2 | |
| 010 | @a7-80083-584-7@d24.00元 | |
| 100 | @a20001025d1999 km y0chiy0120 ea | |
| 101 | 0 | @achi |
| 105 | @a z 000yy | |
| 200 | 1 | @a商业秘密保护法原理@AShang Ye Mi Mi Bao Hu Fa Yuan Li@f孔祥俊著@FKong Xiang Jun Zhu |
| 210 | @a北京@c中国法制出版社@d1999.07 | |
| 215 | @a450页@d32开 | |
| 606 | 0 | @a法律@x中国 |
| 690 | @aD922.294@v3 | |
| 701 | 0 | @a孔祥俊@4著 |
| 801 | @aCN@bPftUser@c20001025 | |
| 905 | @b189311-313@dD922.294@eK360@f3 | |
| 商业秘密保护法原理/孔祥俊著.-北京:中国法制出版社,1999.07 |
| 450页;32开 |
| ISBN 7-80083-584-7:24.00元 |
| ● |
| 相关链接 |
|
|
|
正题名:商业秘密保护法原理
索取号:D922.294/K360
 
预约/预借
| 序号 | 登录号 | 条形码 | 馆藏地/架位号 | 状态 | 备注 |
| 1 | 189311 | 201893111 | 社科库509/509社科库 88排1列2层/ [索取号:D922.294/K360] | 在馆 | |
| 2 | 189312 | 201893120 | 社科库509/509社科库 88排1列2层/ [索取号:D922.294/K360] | 在馆 | |
| 3 | 189313 | 201893139 | 社科库509/509社科库 88排1列2层/ [索取号:D922.294/K360] | 在馆 |